| 000 | 00642nam a22002057a 4500 | ||
|---|---|---|---|
| 005 | 20150320144440.0 | ||
| 008 | 140714b xxu||||| |||| 00| 0 Urdu d | ||
| 010 | _aUR-8756 | ||
| 020 | q | _c250.00 | |
| 035 | _aU-7311 | ||
| 037 | _bDBAD/Pub. | ||
| 040 |
_aDPL _bUrdu |
||
| 082 | _a841 | ||
| 100 | _aمحمد مختا ر نز ير محمد | ||
| 245 |
_aپيما ن قلم _bمحمد مختا ر نز ير محمد |
||
| 246 |
_aPaiman-e-Qalam _bBY Mukhtar Ashiqui Jaunpuri |
||
| 260 |
_aAhmadabad-382405(Gujrat) _bMohd.Salman MumtazAhmed Sheikh _c2013 |
||
| 270 | _a23,Iqra Duplex,Near Sada ki Dhabi,Narol, | ||
| 300 |
_a232ص _b22Cm.(Pb.) |
||
| 999 |
_c92358 _d92358 |
||